| 000 | 01450nam a22002175i 4500 | ||
|---|---|---|---|
| 001 | 991061458998006706 | ||
| 005 | 20251013111740.0 | ||
| 008 | AAMMDD----- ---|||||-|||||-|| -----|c | ||
| 020 | _a9781529602029 | ||
| 040 |
_aES-TaURV _bcat _erda _cES-TaURV |
||
| 041 | _aeng | ||
| 050 |
_aH62 _b.S997 2025 |
||
| 100 |
_aSzulc, Joanna _926079 _eauthor |
||
| 245 | 1 | 0 |
_aDyadic interviews in qualitative research : _b: your practical guide _c/ Joanna Szulc, Nigel King. |
| 260 |
_aLondon : _bSAGE Publications, _c2025. |
||
| 300 |
_a117 pages ; _c25 cm. |
||
| 520 | _aFrom world-class qualitative experts comes a practical, step-by-step introduction to doing dyadic interviews. Including the perspective of both the interviewer and the interviewee, this book shows how to use this innovative interview technique to gain new insights into your research problem. The book will also equip you with the tools and confidence to overcome potential challenges associated with the method and fully realise its advantages. The book includes: Real world interview extracts so you can see how techniques work in practice; Case studies from a wide range of disciplines and contexts; A researcher’s checklist with step-by-step guidance through the whole research process; Content covering digital methods as well as in-person interviews. | ||
| 650 | 0 |
_aQualitative research _xMethodology _926080 |
|
| 700 |
_aKing, Nigel _926081 _eauthor |
||
| 942 | _2lcc | ||
| 999 |
_c5024 _d5024 |
||